French to Spanish Words - Statistics

General Stats
  • This quiz has been taken 317 times
  • The average score is 16 of 24
Answer Stats
French Spanish % Correct
merci gracias
96%
Bonjour Hola
92%
amour amor
87%
rouge rojo
84%
maison casa
83%
chat gato
80%
chien perro
78%
danser bailar
73%
école colegio
71%
quand cuando
66%
jeudi jueves
64%
jouer jugar
63%
aller ir
62%
exemple ejemplo
61%
aider ayudar
60%
rien nada
60%
faire hacer
56%
chaud caliente
54%
acheter comprar
52%
dangereux peligroso
52%
gens gente
51%
donner dar
43%
chose cosa
41%
mieux mejor
39%
No matching quizzes found
Score Distribution
Percent of People with Each Score
Percentile by Number Answered
Your Score History
You have not taken this quiz